[Event "6th Cattolica Open 2019"]
[Site "Cattolica"]
[Date "2019.06.14"]
[Round "9.10"]
[White "Kjartansson, Gudmundur"]
[Black "Guerrero Sierra, Juan Carlos"]
[Result "1-0"]
[WhiteElo "2459"]
[BlackElo "2290"]
[Annotator "ChessBase"]
[PlyCount "143"]
[EventDate "2019.06.08"]
[EventType "swiss"]
[EventCountry "ITA"]
[SourceTitle "playchess.com"]
[Source "ChessBase"]
[SourceQuality "1"]
[TimeControl "40/5400+30:900+30"]

1. c4 {[%emt 1:30:30]} Nf6 {[%emt 0:06:33]} 2. Nc3 {[%emt 0:00:00]} d5 {[%emt 0:00:27]} 3. cxd5 {[%emt 0:00:00]} Nxd5 {[%emt 0:00:11]} 4. g3 {[%emt 0:00:00]} g6 {[%emt 0:00:25]} 5. Bg2 {[%emt 0:00:00]} Nb6 {[%emt 0:00:08]} 6. d3 {[%emt 0:00:00]} Bg7 {[%emt 0:00:21]} 7. Be3 {[%emt 0:00:00]} O-O {[%emt 0:00:31]} 8. Qd2 {[%emt 0:00:00]} Re8 {[%emt 0:00:16]} 9. h4 {[%emt 0:00:00]} h5 {[%emt 0:00:54]} 10. Nf3 {[%emt 0:00:00]} Nc6 {[%emt 0:00:51]} 11. Rc1 {[%emt 0:00:00]} e5 {[%emt 0:02:27]} 12. O-O {[%emt 0:00:00]} Nd4 {[%emt 0:01:09]} 13. Bh6 {[%emt 0:00:00]} c6 {[%emt 0:04:48]} 14. Nxd4 {[%emt 0:00:00]} exd4 {[%emt 0:02:21]} 15. Ne4 {[%emt 0:00:00]} Nd5 {[%emt 0:01:17]} 16. Bxg7 {[%emt 0:00:00]} Kxg7 {[%emt 0:01:08]} 17. Rc4 {[%emt 0:00:00]} Nb6 {[%emt 0:08:01]} 18. Rc5 {[%emt 0:00:00]} Be6 {[%emt 0:01:13]} 19. b3 {[%emt 0:00:00]} Bd5 {[%emt 0:11:39]} 20. Qf4 {[%emt 0:00:00]} Bxe4 {[%emt 0:02:08]} 21. Bxe4 {[%emt 0:00:00]} Qb8 {[%emt 0:02:09]} 22. Qxb8 {[%emt 0:00:00]} Raxb8 {[%emt 0:00:57]} 23. Ra5 {[%emt 0:00:00]} a6 {[%emt 0:01:53]} 24. Rc1 {[%emt 0:00:00]} f5 {[%emt 0:00:53]} 25. Bf3 {[%emt 0:00:00]} Kf6 {[%emt 0:00:28]} 26. Kf1 {[%emt 0:00:00]} Re5 {[%emt 0:09:47]} 27. Rxe5 {[%emt 0:00:00]} Kxe5 {[%emt 0:00:26]} 28. Ke1 {[%emt 0:00:00]} Kd6 {[%emt 0:02:54]} 29. Kd2 {[%emt 0:00:00]} Re8 {[%emt 0:05:42]} 30. e3 {[%emt 0:00:00]} dxe3+ {[%emt 0:01:01]} 31. fxe3 {[%emt 0:00:00]} Nd7 {[%emt 0:00:14]} 32. d4 {[%emt 0:00:00]} Nf6 {[%emt 0:00:52]} 33. b4 {[%emt 0:00:00]} Nd7 {[%emt 0:06:08]} 34. Kd3 {[%emt 0:00:00]} Nf6 {[%emt 0:00:50]} 35. a4 {[%emt 0:00:00]} Ne4 {[%emt 0:02:13]} 36. Bxe4 {[%emt 0:00:15]} fxe4+ {[%emt 0:00:05]} 37. Ke2 {[%emt 0:00:27]} Rf8 {[%emt 0:00:24]} 38. g4 {[%emt 0:04:05]} Rh8 {[%emt 0:08:06]} 39. g5 {[%emt 0:07:42]} Rf8 {[%emt 0:08:24]} 40. Rc5 {[%emt 0:00:00]} Re8 {[%emt 0:00:00]} 41. a5 {[%emt 0:01:21]} b6 {[%emt 0:06:26]} 42. Re5 {[%emt 0:13:22]} Rb8 {[%emt 0:05:27]} 43. Rxe4 {[%emt 0:00:34]} bxa5 {[%emt 0:00:22]} 44. bxa5 {[%emt 0:00:03]} Rb5 {[%emt 0:00:13]} 45. Rf4 {[%emt 0:00:21]} Rxa5 {[%emt 0:00:20]} 46. Rf6+ {[%emt 0:00:11]} Kd5 {[%emt 0:00:05]} 47. Rxg6 {[%emt 0:00:33]} Ra2+ {[%emt 0:00:26]} 48. Kf3 {[%emt 0:00:30]} Rh2 {[%emt 0:00:28]} 49. e4+ {[%emt 0:06:05]} Kxd4 {[%emt 0:00:40]} 50. Rxc6 {[%emt 0:00:06]} Rxh4 {[%emt 0:00:28]} 51. Rxa6 {[%emt 0:01:00]} Ke5 {[%emt 0:00:42]} 52. Ra5+ {[%emt 0:02:20]} Ke6 {[%emt 0:00:20]} 53. Rf5 {[%emt 0:00:37]} Rg4 {[%emt 0:00:23]} 54. Ke3 {[%emt 0:00:50]} h4 {[%emt 0:00:14]} 55. Kf3 {[%emt 0:00:24]} Rg1 {[%emt 0:00:18]} 56. Kf4 {[%emt 0:00:22]} Ke7 {[%emt 0:03:41]} 57. Ra5 {[%emt 0:00:58]} h3 {[%emt 0:00:24]} 58. Ra7+ {[%emt 0:00:08]} Ke6 {[%emt 0:00:06]} 59. Ra6+ {[%emt 0:00:08]} Kf7 {[%emt 0:01:19]} 60. Rf6+ {[%emt 0:01:12]} Kg7 {[%emt 0:00:42]} 61. Rh6 {[%emt 0:00:04]} Rf1+ {[%emt 0:00:15]} 62. Kg4 {[%emt 0:00:59]} Re1 {[%emt 0:01:32]} 63. Kf5 {[%emt 0:00:17]} Rf1+ {[%emt 0:00:09]} 64. Ke6 {[%emt 0:00:25]} Rg1 {[%emt 0:00:11]} 65. Rxh3 {[%emt 0:00:19]} Rxg5 {[%emt 0:00:08]} 66. e5 {[%emt 0:00:02]} Rg1 {[%emt 0:00:48]} 67. Ke7 {[%emt 0:00:16]} Kg8 {[%emt 0:08:01]} 68. e6 {[%emt 0:00:18]} Rg7+ {[%emt 0:00:27]} 69. Ke8 {[%emt 0:00:43]} Rg1 {[%emt 0:00:50]} 70. e7 {[%emt 0:00:12]} Kg7 {[%emt 0:00:05]} 71. Rd3 {[%emt 0:01:09]} Ra1 {[%emt 0:00:15]} 72. Kd7 {[%emt 0:01:25]} 1-0

[Event "6th Cattolica Open 2019"]
[Site "Cattolica"]
[Date "2019.06.14"]
[Round "9.11"]
[White "Can, Isik"]
[Black "Strikovic, Aleksa"]
[Result "1/2-1/2"]
[WhiteElo "2379"]
[BlackElo "2503"]
[Annotator "ChessBase"]
[PlyCount "81"]
[EventDate "2019.06.08"]
[EventType "swiss"]
[EventCountry "ITA"]
[SourceTitle "playchess.com"]
[Source "ChessBase"]
[SourceQuality "1"]
[TimeControl "40/5400+30:900+30"]

1. e4 {[%emt 0:00:42]} d6 {[%emt 0:03:58]} 2. d4 {[%emt 0:00:07]} Nf6 {[%emt 0:00:07]} 3. Nc3 {[%emt 0:00:04]} e5 {[%emt 0:00:06]} 4. Nge2 {[%emt 0:00:03]} Nbd7 {[%emt 0:00:41]} 5. f3 {[%emt 0:00:09]} h5 {[%emt 0:00:05]} 6. Be3 {[%emt 0:00:26]} c6 {[%emt 0:00:06]} 7. Qd2 {[%emt 0:00:45]} Be7 {[%emt 0:00:27]} 8. O-O-O {[%emt 0:00:47]} g6 {[%emt 0:00:12]} 9. Kb1 {[%emt 0:12:56]} a6 {[%emt 0:12:12]} 10. dxe5 {[%emt 0:29:58]} dxe5 {[%emt 0:00:40]} 11. g3 {[%emt 0:00:25]} Qc7 {[%emt 0:00:44]} 12. h4 {[%emt 0:02:44]} Nc5 {[%emt 0:02:06]} 13. Nc1 {[%emt 0:01:44]} b5 {[%emt 0:04:17]} 14. Qf2 {[%emt 0:04:18]} Nb7 {[%emt 0:11:48]} 15. Bb6 {[%emt 0:08:03]} Qb8 {[%emt 0:00:04]} 16. Nb3 {[%emt 0:00:11]} Nd7 {[%emt 0:07:14]} 17. Be3 {[%emt 0:12:42]} a5 {[%emt 0:09:48]} 18. Bh3 {[%emt 0:00:51]} Nf8 {[%emt 0:03:06]} 19. Bxc8 {[%emt 0:04:29]} Qxc8 {[%emt 0:00:04]} 20. Nc5 {[%emt 0:00:05]} Qc7 {[%emt 0:14:31]} 21. Nxb7 {[%emt 0:04:19]} Qxb7 {[%emt 0:01:10]} 22. f4 {[%emt 0:04:15]} Nd7 {[%emt 0:02:18]} 23. f5 {[%emt 0:04:19]} Nf6 {[%emt 0:01:26]} 24. Bg5 {[%emt 0:02:45]} Ng4 {[%emt 0:08:43]} 25. Qd2 {[%emt 0:03:21]} f6 {[%emt 0:02:13]} 26. Be3 {[%emt 0:01:18]} Rd8 {[%emt 0:08:06]} 27. Qe2 {[%emt 0:00:12]} O-O {[%emt 0:00:06]} 28. fxg6 {[%emt 0:00:35]} Kg7 {[%emt 0:00:58]} 29. Rxd8 {[%emt 0:01:09]} Rxd8 {[%emt 0:00:16]} 30. Nd1 {[%emt 0:00:05]} Kxg6 {[%emt 0:04:09]} 31. Nf2 {[%emt 0:00:05]} Nxf2 {[%emt 0:02:46]} 32. Qxf2 {[%emt 0:01:09]} Qd7 {[%emt 0:00:07]} 33. Qf3 {[%emt 0:00:22]} a4 {[%emt 0:00:47]} 34. Rg1 {[%emt 0:00:50]} Qh3 {[%emt 0:00:41]} 35. a3 {[%emt 0:00:31]} c5 {[%emt 0:00:44]} 36. Qf2 {[%emt 0:00:42]} Qc8 {[%emt 0:00:33]} 37. Qf3 {[%emt 0:00:23]} Qh3 {[%emt 0:00:14]} 38. Qf2 {[%emt 0:00:32]} c4 {[%emt 0:00:43]} 39. Rf1 {[%emt 0:00:32]} c3 {[%emt 0:00:23]} 40. bxc3 {[%emt 0:00:00]} Rc8 {[%emt 0:00:00]} 41. Kb2 {[%emt 0:08:54]} 1/2-1/2